000
00296nam a22001097a 4500
008
230620b xxu||||| |||| 00| 0 eng d
082
_a
321.67
_b
OYU 1992
245
_a
Politics and Administation
260
_a
Germany
_b
Konrad Adenauer Foundation and Editor
_c
1992
300
_a
545p
942
_2
ddc
_c
BK
999
_c
1806
_d
1806